000 00353nam a2200133Ia 4500
008 201216s9999||||xx |||||||||||||| ||und||
084 _a778.5
_bС 242
_210-t
100 _aСвердлин Л.
245 0 _aСтатьи
_cРед. Л.А.Пичхадзе
260 _c1979
_aМ
_bИскусство
300 _a319
546 _aОрос
942 _cBK
999 _c520365
_d520422